000 00186 a2200097 4500
020 _a9780673758576
041 _aspa
100 _aPelton, Marc
245 _aEl tren de tomas
942 _cBK
999 _c31929
_d31927